=LDR 00000nam 2200000 4500 =001 NUTBA000000000004978 =005 20200706024517 =035 ##$$a 0010-101400000000208 =008 200706################g##########0#ind## =020 ##$$a 979-769-075-X =082 ##$$a 2X6.3 =100 #$$a Triyuwono, Iwan =245 1#$$a Perspektif, metodologi, dan teori akuntansi syariah /$c Iwan Triyuwono =260 ##$$a Jakarta :$b RajaGrafindo Persada,$c 2006 =300 ##$$a xviii,401 Hlm ; $c 15 x 23 cm =850 ##$$a NBPNMAT =084 ##$$a 2X6.3 TRI p =250 ##$$a ed. 1 =650 #4$$a Akuntansi =504 ##$$a Bibliografi : hlm, 398-399 =520 ##$$a Biografi : hlm, 401 =990 ##$$a 21001731 =990 ##$$a 21001730 =990 ##$$a 21001732 =990 ##$$a 21001729